|
|
|
|
| LEADER |
04242nam a2200493 4500 |
| 001 |
978-3-319-61285-0 |
| 003 |
DE-He213 |
| 005 |
20191026101738.0 |
| 007 |
cr nn 008mamaa |
| 008 |
170918s2018 gw | s |||| 0|eng d |
| 020 |
|
|
|a 9783319612850
|9 978-3-319-61285-0
|
| 024 |
7 |
|
|a 10.1007/978-3-319-61285-0
|2 doi
|
| 040 |
|
|
|d GrThAP
|
| 050 |
|
4 |
|a TK7888.4
|
| 072 |
|
7 |
|a TJFC
|2 bicssc
|
| 072 |
|
7 |
|a TEC008010
|2 bisacsh
|
| 072 |
|
7 |
|a TJFC
|2 thema
|
| 082 |
0 |
4 |
|a 621.3815
|2 23
|
| 245 |
1 |
0 |
|a Hybrid ADCs, Smart Sensors for the IoT, and Sub-1V & Advanced Node Analog Circuit Design
|h [electronic resource] :
|b Advances in Analog Circuit Design 2017 /
|c edited by Pieter Harpe, Kofi A. A. Makinwa, Andrea Baschirotto.
|
| 250 |
|
|
|a 1st ed. 2018.
|
| 264 |
|
1 |
|a Cham :
|b Springer International Publishing :
|b Imprint: Springer,
|c 2018.
|
| 300 |
|
|
|a XI, 359 p. 298 illus., 169 illus. in color.
|b online resource.
|
| 336 |
|
|
|a text
|b txt
|2 rdacontent
|
| 337 |
|
|
|a computer
|b c
|2 rdamedia
|
| 338 |
|
|
|a online resource
|b cr
|2 rdacarrier
|
| 347 |
|
|
|a text file
|b PDF
|2 rda
|
| 505 |
0 |
|
|a Part I.Hybrid Data Converters -- Chapter 1. HYBRID DATA CONVERTERS -- Hybrid and segmented ADC techniques to optimize power efficiency and area. The case of a 0.076mm2 600MS/s 12b SAR- ADC -- Chapter 3. Interleaved Pipelined Sar Adcs: Combined Power for Efficient Accurate High-Speed Conversion -- Chapter 4.Hybrid Vco Based 0-1 Mash and Hybrid Sar._ Chapter 5. A Hybrid Architecture for a Reconfigurable Sar Adc._chapter 6. A Hybrid ADC for High Resolution: The Zoom ADC -- Part II.Smart Sensors for the IoT -- Chapter 7.Advances in Biomedical Sensor Systems for Wearable Health -- Chapter 8.An Ultra-Lowpower, Robust Photoplethysmographic Readout Exploiting Compressive Sampling, Artifact Reduction and Sensor Fusion -- Chapter 9.A 32kHz-DTCXO RTC Module with an Overall Accuracy of ±1ppm and an All-Digital 0.1ppm Compensation Resolution Scheme -- Chapter 10.Energy-Efficient High-Resolution Resistor-Based Temperature Sensors -- Chapter 11. A High-Resolution Self-Oscillating Integrating Dual-Slope CDC For Mems Sensors -- Chapter 12. Ultra-Low Power Charge-Pump Based Bandgap References -- Part III.Sub-1V & Advanced-Node Analog Circuit Design.-Chapter 13. FD-SOI Technology, Advantages for Analog/RF and Mixed-Signal Designs -- Chapter 14.Analog/Mixed-signal Design In Finfet Technologies -- Chapter 15.Analog circuits in 28nm and 14nm FinFET -- Chapter 16.Pipeline and SAR ADCS for Advanced Nodes -- Chapter 17.Time-Based Biomedical Readout in Ultra-Low Voltage, Small-Scale CMOS Technology -- Chapter 18.A 4.4mW-TX, 3.6mW-RX Fully Integrated Bluetooth Low-Energy Transceiver for IoT Applications.
|
| 520 |
|
|
|a This book is based on the 18 tutorials presented during the 26th workshop on Advances in Analog Circuit Design. Expert designers present readers with information about a variety of topics at the frontier of analog circuit design, with specific contributions focusing on hybrid ADCs, smart sensors for the IoT, sub-1V and advanced-node analog circuit design. This book serves as a valuable reference to the state-of-the-art, for anyone involved in analog circuit research and development. .
|
| 650 |
|
0 |
|a Electronic circuits.
|
| 650 |
|
0 |
|a Microprocessors.
|
| 650 |
1 |
4 |
|a Circuits and Systems.
|0 http://scigraph.springernature.com/things/product-market-codes/T24068
|
| 650 |
2 |
4 |
|a Electronic Circuits and Devices.
|0 http://scigraph.springernature.com/things/product-market-codes/P31010
|
| 650 |
2 |
4 |
|a Processor Architectures.
|0 http://scigraph.springernature.com/things/product-market-codes/I13014
|
| 700 |
1 |
|
|a Harpe, Pieter.
|e editor.
|4 edt
|4 http://id.loc.gov/vocabulary/relators/edt
|
| 700 |
1 |
|
|a Makinwa, Kofi A. A.
|e editor.
|4 edt
|4 http://id.loc.gov/vocabulary/relators/edt
|
| 700 |
1 |
|
|a Baschirotto, Andrea.
|e editor.
|4 edt
|4 http://id.loc.gov/vocabulary/relators/edt
|
| 710 |
2 |
|
|a SpringerLink (Online service)
|
| 773 |
0 |
|
|t Springer eBooks
|
| 776 |
0 |
8 |
|i Printed edition:
|z 9783319612843
|
| 776 |
0 |
8 |
|i Printed edition:
|z 9783319612867
|
| 776 |
0 |
8 |
|i Printed edition:
|z 9783319870410
|
| 856 |
4 |
0 |
|u https://doi.org/10.1007/978-3-319-61285-0
|z Full Text via HEAL-Link
|
| 912 |
|
|
|a ZDB-2-ENG
|
| 950 |
|
|
|a Engineering (Springer-11647)
|